[Event "Toerneo de Navidad 2008"]
[Site "SchemingMind.com"]
[Date "2009.01.18"]
[Round "-"]
[White "Milan"]
[Black "LittleBigHorse"]
[Result "1-0"]
[WhiteCountry "CZE"]
[BlackCountry "IRL"]
[WhiteElo "1819"]
[WhiteRD "62"]
[BlackElo "1685"]
[BlackRD "98"]
[GameID "188123"]

1. d4 d5 2. Nf3 Nf6 3. e3 e6 4. Bd3 Bd6 5. Nbd2 c5 6. c3 Nc6 7. O-O O-O 8. dxc5 Bxc5 9. e4 dxe4 10. Nxe4 Nxe4
11. Bxe4 Qxd1 12. Rxd1 Rd8 13. Rxd8+ Nxd8 14. Kf1 f6 15. Ke2 Bd7 16. Be3 Bxe3 17. Kxe3 Bc6 18. Bxc6 Nxc6 19. Rd1 Rd8 20. Rxd8+ Nxd8
21. Nd4 a6 22. f4 Kf7 23. g4 g6 24. h4 h6 25. a4 Ke7 26. b4 Nf7 27. a5 Nd6 28. Kd3 e5 29. fxe5 fxe5 30. Nb3 h5
31. gxh5 gxh5 32. Nc5 Kf6 33. Ne4+ Nxe4 34. Kxe4 Ke6 35. c4 Kf6 36. b5
1-0

[Event "Toerneo de Navidad 2008"]
[Site "SchemingMind.com"]
[Date "2009.01.18"]
[Round "-"]
[White "Milan"]
[Black "maaac"]
[Result "0-1"]
[WhiteCountry "CZE"]
[BlackCountry "AUS"]
[WhiteElo "1713"]
[WhiteRD "66"]
[BlackElo "1891"]
[BlackRD "80"]
[GameID "188124"]

1. d4 Nf6 2. Nf3 e6 3. e3 b6 4. Bd3 Bb7 5. Nbd2 d5 6. O-O Be7 7. Ne5 O-O 8. f4 c5 9. c3 Ne4 10. Nxe4 dxe4
11. Bc2 f6 12. Ng4 Nd7 13. Bb3 Bd5 14. Nf2 c4 15. Bc2 f5 16. g4 b5 17. gxf5 exf5 18. Kh1 Nf6 19. Rg1 Kh8 20. b3 Bf7
21. Qf1 Qc7 22. b4 Bh5 23. Bd1 Bxd1 24. Qxd1 a5 25. a3 axb4 26. cxb4 Bxb4 27. Bb2 Be7 28. d5 Rfd8 29. Be5 Qd7 30. d6 Bxd6
31. Bxd6 Qxd6 32. Qxd6 Rxd6
0-1

[Event "Toerneo de Navidad 2008"]
[Site "SchemingMind.com"]
[Date "2009.01.19"]
[Round "-"]
[White "Milan"]
[Black "fouche"]
[Result "1-0"]
[WhiteCountry "CZE"]
[BlackCountry "COL"]
[WhiteElo "1780"]
[WhiteRD "60"]
[BlackElo "1525"]
[BlackRD "51"]
[GameID "188125"]

1. d4 e6 2. Nf3 d5 3. e3 Nf6 4. Bd3 Bd6 5. Nbd2 Nbd7 6. O-O O-O 7. Qe2 Re8 8. e4 dxe4 9. Nxe4 Nxe4 10. Qxe4 Nf6
11. Qh4 h6 12. Bxh6 Nh7 13. Qxd8 Rxd8 14. Be3 Nf6 15. Bg5 Be7 16. c3 Nd5 17. Bxe7 Nxe7 18. Rfe1 c5 19. Rad1 cxd4 20. Nxd4 Bd7
21. Bc2 Bc6 22. Nxc6 Nxc6 23. Rxd8+ Rxd8 24. Rd1 Rxd1+ 25. Bxd1 Ne5 26. Be2 Kf8 27. f3 Ke7 28. Kf2 Kd6 29. Ke3 Nd7 30. Kd4 Nc5
31. f4 Na4 32. b3 Nb6 33. Bf3 Kc7 34. g4 Nd7 35. c4 b6 36. g5 f6 37. h4 Kd6 38. h5 e5+ 39. fxe5+ Nxe5 40. gxf6 gxf6
41. Be4 Nf7 42. b4 a5 43. bxa5 bxa5 44. c5+ Kc7 45. Kd5 Ng5 46. h6 a4 47. h7
1-0

[Event "Toerneo de Navidad 2008"]
[Site "SchemingMind.com"]
[Date "2009.01.18"]
[Round "-"]
[White "Milan"]
[Black "marble"]
[Result "0-1"]
[WhiteCountry "CZE"]
[BlackCountry "ENG"]
[WhiteElo "1713"]
[WhiteRD "66"]
[BlackElo "1874"]
[BlackRD "57"]
[GameID "188126"]

1. d4 Nf6 2. Nf3 d5 3. e3 e6 4. Bd3 c5 5. c3 Nc6 6. Nbd2 Bd6 7. O-O O-O 8. dxc5 Bxc5 9. e4 Bb6 10. Qe2 Qc7
11. e5 Ng4 12. h3 Ngxe5 13. Nxe5 Nxe5 14. Bb1 f5 15. Nf3 Ng6 16. Be3 e5 17. Bxb6 Qxb6 18. Re1 e4 19. Nd4 Nf4 20. Qb5 Qg6
0-1

[Event "Toerneo de Navidad 2008"]
[Site "SchemingMind.com"]
[Date "2009.01.19"]
[Round "-"]
[White "Milan"]
[Black "Negrito19"]
[Result "1-0"]
[WhiteCountry "CZE"]
[BlackCountry "ARG"]
[WhiteElo "1819"]
[WhiteRD "62"]
[BlackElo "1630"]
[BlackRD "61"]
[GameID "188127"]

1. d4 d5 2. Nf3 Nc6 3. e3 Bg4 4. c4 e6 5. Qb3 Bb4+ 6. Bd2 Bxd2+ 7. Nbxd2 Nf6 8. Qxb7 Rb8 9. Qxc6+ Qd7 10. Qxd7+ Nxd7
11. b3 c5 12. cxd5 exd5 13. dxc5 Nxc5 14. h3 Bf5 15. Rc1 Ne6 16. Be2 O-O 17. O-O Rfd8 18. Nd4 Nxd4 19. exd4 Rb4 20. Nf3 Be4
21. Rfd1 g6 22. Rc7 a5 23. Ng5 Bf5 24. Nxf7 Rd7 25. Rxd7 Be6 26. Nh6+ Kf8 27. Rxh7 a4 28. bxa4 Rxa4 29. Rb1 Ra8 30. Rh8+ Kg7
31. Rxa8 Kxh6 32. h4 Kg7 33. Rb6 Bf5 34. g4 Be4 35. g5 Kf7 36. Ra7+ Ke8 37. Rb8#
1-0

[Event "Toerneo de Navidad 2008"]
[Site "SchemingMind.com"]
[Date "2009.01.18"]
[Round "-"]
[White "Milan"]
[Black "aadaam"]
[Result "1-0"]
[WhiteCountry "CZE"]
[BlackCountry "INT"]
[WhiteElo "1713"]
[WhiteRD "66"]
[BlackElo "1768"]
[BlackRD "44"]
[GameID "188128"]

1. d4 e6 2. Nf3 Nf6 3. e3 c5 4. dxc5 Bxc5 5. Nbd2 O-O 6. a3 Nc6 7. b4 Bb6 8. c4 a5 9. c5 Bc7 10. b5 Ne7
11. a4 b6 12. cxb6 Bxb6 13. Nc4 d5 14. Nxb6 Qxb6 15. Ba3 Re8 16. Be2 Bb7 17. O-O Nf5 18. Nd4 Nd6 19. Rc1 Rac8 20. Rxc8 Rxc8
21. Nb3 Nd7 22. Qb1 Nc4 23. Bxc4 Rxc4 24. Rc1 Rxa4 25. Bc5 Qxb5 26. Be7 f6 27. Nd4 Qa6 28. Rc7 Kf7 29. Rxd7
1-0

[Event "Toerneo de Navidad 2008"]
[Site "SchemingMind.com"]
[Date "2009.01.18"]
[Round "-"]
[White "Milan"]
[Black "AycaguerMarcel"]
[Result "1-0"]
[WhiteCountry "CZE"]
[BlackCountry "URU"]
[WhiteElo "1713"]
[WhiteRD "66"]
[BlackElo "1643"]
[BlackRD "69"]
[GameID "188129"]

1. d4 g6 2. Nf3 Bg7 3. e3 Nf6 4. Nbd2 O-O 5. b4 d6 6. Rb1 Bf5 7. Nh4 Nbd7 8. Nxf5 gxf5 9. Bd3 e6 10. c3 Kh8
11. e4 fxe4 12. Nxe4 Nxe4 13. Bxe4 d5 14. Bc2 Rc8 15. Qd3 f5 16. g4 Qh4 17. Qg3 Qxg4 18. Qxg4 fxg4 19. Rg1 e5 20. Rxg4 e4
21. Be3 Rf3 22. Rg3 Rcf8 23. Bd1 Rxg3 24. hxg3 Nf6 25. Rb2 Ne8 26. Bb3 c6 27. c4 Nc7 28. cxd5 cxd5 29. a4 Rd8 30. Rc2 Rd7
31. Bf4 Ne6 32. Rc8+ Bf8 33. Bh6 Kg8 34. Bxf8 Nxf8 35. Rc5 b6 36. Rxd5 Kg7 37. Rxd7+ Nxd7 38. Ke2 Kf6 39. Ke3 Kf5 40. g4+ Kf6
41. Kxe4
1-0

[Event "Toerneo de Navidad 2008"]
[Site "SchemingMind.com"]
[Date "2009.01.22"]
[Round "-"]
[White "e_castle3"]
[Black "Milan"]
[Result "1/2-1/2"]
[WhiteCountry "PHI"]
[BlackCountry "CZE"]
[WhiteElo "1725"]
[WhiteRD "68"]
[BlackElo "1834"]
[BlackRD "62"]
[GameID "188130"]

1. Nf3 c6 2. g3 Nf6 3. Bg2 d5 4. O-O e6 5. d4 Bd6 6. b3 O-O 7. Bb2 Qc7 8. Nbd2 Nbd7 9. e3 e5 10. dxe5 Bxe5
11. Nxe5 Nxe5 12. Qe2 Re8 13. Rfc1 Bg4 14. f3 Be6 15. Qf2 Rad8 16. a4 a5 17. Bd4 c5 18. Bb2 c4 19. Bd4 Rc8 20. c3 cxb3
21. Nxb3 Nfd7 22. Bf1 Nc4 23. f4 f5 24. Nd2 Nxd2 25. Qxd2 Nc5 26. Qb2 b6 27. Rcb1 Nd7 28. Bb5 Red8 29. Bxd7 Rxd7 30. Qxb6 Bf7
31. Qxc7 Rdxc7 32. Rb5 Ra8 33. Rab1 h6 34. Rb8+ Rc8 35. Rxc8+ Rxc8 36. Rb5 Ra8 37. Bb6 g6 38. Bxa5 Be8 39. Rxd5 Bxa4 40. Bb4 Bb3
41. Rd6 Ra1+ 42. Kf2 Ra2+ 43. Ke1 Kf7 44. Rd2 Rxd2 45. Kxd2 Ke6 46. h3 Kd5 47. g4 Ke4 48. Bf8 fxg4=
1/2-1/2

[Event "Toerneo de Navidad 2008"]
[Site "SchemingMind.com"]
[Date "2009.01.18"]
[Round "-"]
[White "LittleBigHorse"]
[Black "Milan"]
[Result "1-0"]
[WhiteCountry "IRL"]
[BlackCountry "CZE"]
[WhiteElo "1720"]
[WhiteRD "94"]
[BlackElo "1790"]
[BlackRD "56"]
[GameID "188131"]

1. Nf3 c6 2. c4 d5 3. g3 dxc4 4. Bg2 Nf6 5. Na3 e6 6. Nxc4 Be7 7. O-O O-O 8. d3 h6 9. Qc2 Nbd7 10. Bd2 Nb6
11. Ba5 Nfd7 12. Nxb6 axb6 13. Bc3 Bf6 14. b4 Bxc3 15. Qxc3 b5 16. Ne5 Nxe5 17. Qxe5 Qe7 18. a3 Rd8 19. Rfc1 Qd6 20. Qc5 Qxc5
21. Rxc5 Bd7 22. Rc3 Ra4 23. Kf1 Rda8 24. d4 Rxb4 25. e3 Rba4 26. Ke2 b4 27. Rb3 Rxa3 28. Rab1 Rxb3 29. Rxb3 Ra2+ 30. Kf3 b5
31. Rxb4 Ra4 32. Rb2 Kf8 33. Bf1 Ke7 34. Bd3 g5 35. Bc2 f6 36. Bxa4 bxa4 37. Ra2 c5 38. dxc5 Bc6+ 39. Kg4 Kf7 40. h4 f5+
41. Kh5 gxh4 42. Kxh4 Kg6 43. Ra3 h5 44. Ra2 Kh6 45. Ra3 Kg6 46. Kh3 Kg5 47. Kh2 Kg4 48. Kg1 h4 49. gxh4 e5 50. h5 Kxh5
51. Kf1 Kg4 52. Ke1 f4 53. exf4 Kxf4 54. Kd2 Ke4 55. Kc3 Kf3 56. Ra2
1-0

[Event "Toerneo de Navidad 2008"]
[Site "SchemingMind.com"]
[Date "2009.01.18"]
[Round "-"]
[White "maaac"]
[Black "Milan"]
[Result "1/2-1/2"]
[WhiteCountry "AUS"]
[BlackCountry "CZE"]
[WhiteElo "1891"]
[WhiteRD "80"]
[BlackElo "1713"]
[BlackRD "66"]
[GameID "188132"]

1. d4 d5 2. c4 c6 3. Nc3 Nf6 4. Nf3 a6 5. c5 Nbd7 6. Bf4 Nh5 7. e3 Nxf4 8. exf4 g6 9. Be2 Bg7 10. O-O O-O
11. b4 b5 12. Ne5 Nxe5 13. fxe5 a5 14. a3 e6 15. f4 Bb7 16. Qd3 Qc7 17. Qc2 axb4 18. axb4 Rxa1 19. Rxa1 Ra8 20. Rxa8+ Bxa8
21. Qa2 Qb8 22. Nd1 Bb7 23. Ne3 Qa8 24. Qxa8+ Bxa8 25. g4 f5 26. Kg2 Bh6 27. Kf3 fxg4+ 28. Nxg4 Bg7 29. h4 Bb7 30. Nf2 Bc8
31. Kg4 Kf7 32. h5 Bh6 33. Nh3 Bd7 34. Bd3 Be8 35. Ng1 gxh5+ 36. Kg3 Kg7 37. Nh3 Bg6 38. Be2 Kf7 39. Kh4 Ke7 40. Ng5 Bxg5+
41. fxg5 Kf8= 42. Bf3 Kf7 43. Bd1 Kf8 44. Be2 Kf7 45. Bd1=
1/2-1/2

[Event "Toerneo de Navidad 2008"]
[Site "SchemingMind.com"]
[Date "2009.01.20"]
[Round "-"]
[White "fouche"]
[Black "Milan"]
[Result "0-1"]
[WhiteCountry "COL"]
[BlackCountry "CZE"]
[WhiteElo "1525"]
[WhiteRD "51"]
[BlackElo "1780"]
[BlackRD "60"]
[GameID "188133"]

1. d4 d5 2. c4 c6 3. Nc3 Nf6 4. Nf3 a6 5. e3 b5 6. cxd5 cxd5 7. Bd3 Bg4 8. O-O e6 9. h3 Bxf3 10. Qxf3 Bd6
11. Rd1 O-O 12. e4 dxe4 13. Nxe4 Nbd7 14. Bg5 Be7 15. Nxf6+ Bxf6 16. Bxf6 Qxf6 17. Be4 Qxf3 18. Bxf3 Rab8 19. Rac1 Rfc8 20. Kf1 Nb6
21. Rc5 Nd7 22. Rc6 Rxc6 23. Bxc6 Nf6 24. Rd2 Kf8 25. Ke2 Ke7 26. Kd3 Kd6 27. Rc2 Rc8 28. Bb7 Rxc2 29. Kxc2 a5 30. Kd3 Nd5
31. Bxd5 Kxd5 32. g4 g5 33. b3 f5 34. f3 fxg4 35. fxg4 e5 36. a3 exd4 37. a4 bxa4 38. bxa4 h6 39. Ke2 Ke4 40. Kd2 d3
41. Kd1 Ke3 42. Ke1 d2+ 43. Kd1 Kf3 44. Kxd2 Kg3 45. Kd3 Kxh3
0-1

[Event "Toerneo de Navidad 2008"]
[Site "SchemingMind.com"]
[Date "2009.01.18"]
[Round "-"]
[White "marble"]
[Black "Milan"]
[Result "1-0"]
[WhiteCountry "ENG"]
[BlackCountry "CZE"]
[WhiteElo "1874"]
[WhiteRD "57"]
[BlackElo "1713"]
[BlackRD "66"]
[GameID "188134"]

1. e4 c6 2. c4 d5 3. exd5 cxd5 4. d4 Nf6 5. Nc3 e6 6. f3 Bb4 7. Bd2 O-O 8. a3 Be7 9. cxd5 Nxd5 10. Bd3 Nc6
11. Nge2 a6 12. O-O Nxc3 13. bxc3 b5 14. Qb1 h6 15. a4 b4 16. cxb4 Nxd4 17. Bc3 Nxe2+ 18. Bxe2 Qb6+ 19. Kh1 Rd8 20. Qb2 f6
21. a5 Qc6 22. Rfc1 Qe8 23. b5 axb5 24. Bxb5 Bd7 25. Bc4 Rdc8 26. Bd3 Rab8 27. Qe2 e5 28. Qe4 g6 29. a6 Bc6 30. Qe3 Kg7
31. Bd2 g5 32. a7 Ra8 33. Bf5 Bd7 34. Rxc8 Qxc8 35. Be4 Bc6 36. Rc1
1-0

[Event "Toerneo de Navidad 2008"]
[Site "SchemingMind.com"]
[Date "2009.01.20"]
[Round "-"]
[White "Negrito19"]
[Black "Milan"]
[Result "0-1"]
[WhiteCountry "ARG"]
[BlackCountry "CZE"]
[WhiteElo "1630"]
[WhiteRD "61"]
[BlackElo "1819"]
[BlackRD "62"]
[GameID "188135"]

1. e4 c6 2. d4 d5 3. exd5 cxd5 4. Nf3 Nf6 5. c4 e6 6. Nc3 Bb4 7. Bd2 Nc6 8. a3 Be7 9. cxd5 exd5 10. Bb5 Bd7
11. O-O O-O 12. Re1 Re8 13. Bg5 a6 14. Bxf6 Bxf6 15. Rxe8+ Qxe8 16. Ba4 b5 17. Bb3 Bg4 18. Bxd5 Rc8 19. h3 Bxf3 20. Qxf3 Nxd4
21. Qd3 Rd8 22. Rd1 g6 23. Kf1 Nf5 24. Ne4 Kg7 25. Re1 Qd7 26. Rd1 Bxb2 27. Nc5 Qa7 28. Qc2 Bd4 29. g4 Qxc5 30. gxf5 Qxc2
31. Rxd4 Rxd5 32. Rxd5 Qc4+ 33. Kg1 Qxd5 34. fxg6 fxg6 35. h4 Qf3 36. Kf1 a5 37. Ke1 b4 38. axb4 axb4 39. Kf1 b3 40. Ke1 b2
0-1

[Event "Toerneo de Navidad 2008"]
[Site "SchemingMind.com"]
[Date "2009.01.18"]
[Round "-"]
[White "aadaam"]
[Black "Milan"]
[Result "0-1"]
[WhiteCountry "INT"]
[BlackCountry "CZE"]
[WhiteElo "1768"]
[WhiteRD "44"]
[BlackElo "1713"]
[BlackRD "66"]
[GameID "188136"]

1. e4 c6 2. d4 d5 3. e5 Bf5 4. Be3 e6 5. Nd2 Nd7 6. Ne2 c5 7. c3 cxd4 8. cxd4 Rc8 9. Ng3 Bg6 10. Be2 Bc2
11. Qc1 Bd3 12. Qd1 Bxe2 13. Qxe2 Bb4 14. O-O Bxd2 15. Qxd2 h6 16. Rac1 Ne7 17. Ne2 O-O 18. Rxc8 Qxc8 19. Rc1 Qb8 20. Rc3 Rc8
21. f4 Rxc3 22. Qxc3 Qc8 23. g4 Qxc3 24. Nxc3 a6 25. Kf2 b5 26. b3 Nb6 27. Bd2 Nc6 28. Ke3 Kf8 29. h4 g6 30. h5 gxh5
31. gxh5 Ke7 32. a3 Na5 33. b4 Nac4+ 34. Kd3 Nxd2 35. Kxd2 Nc4+ 36. Kd3 Nxa3 37. Ne2 Nc4 38. Ng3 a5 39. bxa5 Nxa5 40. Kc3 Nc6
41. f5 b4+ 42. Kd3 b3 43. Kc3 b2 44. Kxb2 Nxd4
0-1

[Event "Toerneo de Navidad 2008"]
[Site "SchemingMind.com"]
[Date "2009.01.18"]
[Round "-"]
[White "AycaguerMarcel"]
[Black "Milan"]
[Result "1-0"]
[WhiteCountry "URU"]
[BlackCountry "CZE"]
[WhiteElo "1643"]
[WhiteRD "69"]
[BlackElo "1713"]
[BlackRD "66"]
[GameID "188137"]

1. Nf3 c6 2. d4 d5 3. Bf4 Nf6 4. e3 Nbd7 5. c4 e6 6. Nc3 Nh5 7. Bg5 Be7 8. Bxe7 Qxe7 9. Rc1 Nhf6 10. Be2 dxc4
11. Bxc4 O-O 12. O-O Nb6 13. Bb3 Nbd5 14. Qe2 Nxc3 15. bxc3 c5 16. e4 b6 17. e5 Nd7 18. Rfd1 Bb7 19. d5 exd5 20. Bxd5 Bxd5
21. Rxd5 Rad8 22. Rcd1 Nb8 23. h3 Rxd5 24. Rxd5 Rd8 25. c4 Nc6 26. Qd2 Rxd5 27. Qxd5 Nd8 28. Kf1 h6 29. g4 Ne6 30. h4 Qd8
31. Qxd8+ Nxd8 32. Ke2 Kf8 33. Ke3 Ke7 34. Ne1 Nc6 35. Ke4 Ke6 36. f4 g6 37. Nf3 a6 38. f5+ gxf5+ 39. gxf5+ Ke7 40. a3 b5
41. Kd5 b4 42. Kxc6 bxa3 43. Nd2
1-0

[Event "Toerneo de Navidad 2008"]
[Site "SchemingMind.com"]
[Date "2009.01.22"]
[Round "-"]
[White "dtedesco"]
[Black "e_castle3"]
[Result "0-1"]
[WhiteCountry "CAN"]
[BlackCountry "PHI"]
[WhiteElo "1485"]
[WhiteRD "68"]
[BlackElo "1744"]
[BlackRD "66"]
[GameID "188175"]

1. c4 Nc6 2. d4 e6 3. e4 g6 4. Nf3 Bg7 5. e5 Nge7 6. Nc3 O-O 7. Bg5 h6 8. Bf6 Qe8 9. Bd3 b6 10. a3 Bb7
11. O-O Nf5 12. Bxg7= Nxg7 13. Qd2 Kh7 14. Ne4 Nh5 15. g4 f5 16. Nf6+ Nxf6 17. exf6 Rxf6 18. g5 Rf8 19. Rae1 Ne7 20. Kg2 h5
21. b4 a5 22. c5 Bd5 23. Rc1 Nc6 24. Bb5 axb4 25. axb4 Ra3 26. Rc3 Qa8 27. Rfc1 Ra2 28. Qf4 Qb7 29. R1c2 Rfa8 30. Kg3 Nxb4
31. Rxa2 Nxa2 32. Re3 bxc5 33. Bxd7 c4 34. Bxe6 c6 35. Qd6 c3 36. Bd7 Rg8 37. Bxf5 Qb8 38. Re7+ Kh8 39. Qe5+= Qxe5+ 40. Nxe5 gxf5
41. g6 Rb8 42. g7+ Kg8 43. Nd7 Bf7 44. Nxb8 c2 45. Re1 c1=Q 46. Rxc1 Nxc1 47. Nxc6 Kxg7 48. Ne5 Ne2+ 49. Kh4 Nxd4 50. Nxf7= Kxf7
51. Kxh5 Kf6 52. f4 Ne6 53. Kh6 Nxf4 54. h4 Ng6 55. h5 Nf4
0-1

[Event "Toerneo de Navidad 2008"]
[Site "SchemingMind.com"]
[Date "2009.01.20"]
[Round "-"]
[White "dtedesco"]
[Black "LittleBigHorse"]
[Result "1/2-1/2"]
[WhiteCountry "CAN"]
[BlackCountry "IRL"]
[WhiteElo "1541"]
[WhiteRD "66"]
[BlackElo "1644"]
[BlackRD "97"]
[GameID "188176"]

1. c4 c5 2. Nc3 Nc6 3. g3 g6 4. Bg2 Bg7 5. a3 Nf6 6. Rb1 a5 7. d3 e6 8. Bf4 e5 9. Bd2 O-O 10. e4 Nd4
11. Nf3 d6 12. O-O Bd7 13. Nxd4 cxd4 14. Ne2 Qc7 15. b3 a4 16. b4 Rfc8 17. b5 b6 18. Rb4 Qa7 19. f4 Bg4 20. f5 Nd7
21. h3 Bxe2 22. Qxe2 Nc5 23. fxg6=
1/2-1/2

[Event "Toerneo de Navidad 2008"]
[Site "SchemingMind.com"]
[Date "2009.01.19"]
[Round "-"]
[White "dtedesco"]
[Black "maaac"]
[Result "0-1"]
[WhiteCountry "CAN"]
[BlackCountry "AUS"]
[WhiteElo "1539"]
[WhiteRD "59"]
[BlackElo "1923"]
[BlackRD "76"]
[GameID "188177"]

1. c4 Nf6 2. g3 g6 3. Nc3 Bg7 4. Bg2 O-O 5. Nf3 c5 6. O-O Nc6 7. d4 cxd4 8. Nxd4 Nxd4 9. Qxd4 d6 10. b4 Bf5
11. Bxb7= Ne4 12. Qe3 Nxc3 13. Bxa8 Qxa8 14. Bb2 Bh3 15. f3 Bd4 16. Qxd4 Nxe2+
0-1

[Event "Toerneo de Navidad 2008"]
[Site "SchemingMind.com"]
[Date "2009.01.19"]
[Round "-"]
[White "dtedesco"]
[Black "fouche"]
[Result "0-1"]
[WhiteCountry "CAN"]
[BlackCountry "COL"]
[WhiteElo "1541"]
[WhiteRD "66"]
[BlackElo "1592"]
[BlackRD "59"]
[GameID "188178"]

1. c4 Nf6 2. g3 e6 3. Bg2 Be7 4. Nc3 O-O 5. d4 c6 6. Nf3 d5 7. O-O Nbd7 8. c5 b6 9. b4 bxc5 10. dxc5 a5
11. Ba3 axb4 12. Bxb4 Nxc5 13. Bxc5 Bxc5 14. Na4 Bd6 15. Qd4 Qa5 16. Nb6 Bc5 17. Qxc5 Qxc5 18. Nxa8 Qa7 19. Ne5 Qxa8 20. Rfc1 Bb7
21. a4 Ba6 22. Bf3 Rc8 23. a5 c5 24. e3 c4 25. Ra4 Qb7 26. Nxc4 Qb3 27. Bd1 Rxc4 28. Bxb3 Rxc1+ 29. Kg2 g6 30. h3 Rc3
31. Bd1 Rc4 32. Rxc4= dxc4 33. f4 Ne4 34. Kf3 f5 35. g4 c3 36. Bb3 Nd2+
0-1

[Event "Toerneo de Navidad 2008"]
[Site "SchemingMind.com"]
[Date "2009.01.19"]
[Round "-"]
[White "dtedesco"]
[Black "marble"]
[Result "0-1"]
[WhiteCountry "CAN"]
[BlackCountry "ENG"]
[WhiteElo "1539"]
[WhiteRD "59"]
[BlackElo "1889"]
[BlackRD "55"]
[GameID "188179"]

1. c4 Nf6 2. Nc3 e6 3. Nf3 Bb4 4. Qc2 c5 5. d4 Ne4 6. Qxe4 Qa5 7. Bd2 cxd4 8. Nxd4 f5 9. Qf4 O-O 10. e3 e5
11. Nb3 exf4 12. Nxa5 Bxa5 13. Nd5 Bxd2+ 14. Kxd2 fxe3+ 15. Kxe3 Nc6 16. h4 d6 17. a3 Be6 18. f3 Bxd5 19. cxd5 Rae8+ 20. Kf4 Ne7
21. Bc4 Ng6+ 22. Kg3 Ne5 23. Ba2 f4+ 24. Kh2 Rf5 25. Rae1 Rh5 26. Kh3 g5 27. Rhf1 Rxh4#
0-1

[Event "Toerneo de Navidad 2008"]
[Site "SchemingMind.com"]
[Date "2009.01.20"]
[Round "-"]
[White "dtedesco"]
[Black "Milan"]
[Result "1/2-1/2"]
[WhiteCountry "CAN"]
[BlackCountry "CZE"]
[WhiteElo "1539"]
[WhiteRD "59"]
[BlackElo "1780"]
[BlackRD "60"]
[GameID "188181"]

1. c4 c6 2. d4 d5 3. Nf3 Nf6 4. Nc3 a6 5. e3 b5 6. b3 Bb7 7. g3 e6 8. Bg2 Bb4 9. Bd2 Qa5 10. Qc2 Qc7
11. c5 O-O 12. O-O Bxc3 13. Bxc3 Ne4 14. b4 Nxc3 15. Qxc3 a5 16. a3 Nd7 17. Rfe1=
1/2-1/2

[Event "Toerneo de Navidad 2008"]
[Site "SchemingMind.com"]
[Date "2009.01.19"]
[Round "-"]
[White "dtedesco"]
[Black "aadaam"]
[Result "0-1"]
[WhiteCountry "CAN"]
[BlackCountry "INT"]
[WhiteElo "1541"]
[WhiteRD "62"]
[BlackElo "1739"]
[BlackRD "49"]
[GameID "188182"]

1. c4 e6 2. Nf3 d5 3. g3 Nf6 4. Bg2 b6 5. O-O Bb7 6. cxd5 Nxd5 7. d3 Nd7 8. Nc3 Be7 9. Nxd5 Bxd5 10. e4 Bb7
11. b3 Nf6 12. Bf4 O-O 13. Rc1 c5 14. Qd2 Rc8 15. a4 Nh5 16. Be5 g6 17. Ba1 f6 18. Qc3 e5 19. Rfd1 Ng7 20. Qe1 Bd6
21. Qe2= Bb8 22. Bb2 Qe7 23. Bh3 Ne6 24. d4 exd4 25. Nxd4 cxd4 26. Bxd4 Rxc1 27. Rxc1 Nxd4 28. Qc4+ Kg7 29. Qxd4 Qxe4 30. Qxe4 Bxe4
31. Bg2 Bxg2 32. Kxg2 Rd8 33. f3 Rd3 34. b4 Rd4 35. Rb1 Bd6 36. Rc1 Rxb4 37. Rd1 Bxg3 38. hxg3 Rxa4 39. Rd7+ Kh6 40. g4 b5
41. Kg3 a5 42. f4 Ra3+ 43. Kh4 g5+ 44. fxg5+ fxg5#
0-1

[Event "Toerneo de Navidad 2008"]
[Site "SchemingMind.com"]
[Date "2009.01.19"]
[Round "-"]
[White "dtedesco"]
[Black "AycaguerMarcel"]
[Result "1-0"]
[WhiteCountry "CAN"]
[BlackCountry "URU"]
[WhiteElo "1541"]
[WhiteRD "62"]
[BlackElo "1612"]
[BlackRD "74"]
[GameID "188183"]

1. c4 c5 2. Nc3 Nc6 3. g3 d6 4. Bg2 e6 5. Nf3 Nf6 6. d3 Be7 7. O-O O-O 8. e4 Bd7 9. a3 Nd4 10. Be3 Qb6
11. Rb1 Bc6 12. b4 Nxf3+ 13. Bxf3 Qc7 14. b5 Bd7 15. a4 Rfb8 16. Qe2 a6 17. Bf4 axb5 18. axb5 Qd8 19. Ra1 h6 20. Ra4 Rxa4
21. Nxa4 Bc8 22. Bd2 b6 23. Bc3 Ra8 24. Ra1 Nh7 25. Bg2 Bb7 26. Qh5 Bf6 27. Qd1 Kf8 28. Bxf6 gxf6 29. Qh5 Kg7 30. e5 Bxg2
31. exf6+ Qxf6 32. Kxg2 Qxa1 33. Nxb6 Ra2 34. Nd7 Qe1 35. Qf3 Qf1+ 36. Kxf1
1-0

[Event "Toerneo de Navidad 2008"]
[Site "SchemingMind.com"]
[Date "2009.01.22"]
[Round "-"]
[White "e_castle3"]
[Black "dtedesco"]
[Result "1-0"]
[WhiteCountry "PHI"]
[BlackCountry "CAN"]
[WhiteElo "1691"]
[WhiteRD "69"]
[BlackElo "1502"]
[BlackRD "69"]
[GameID "188184"]

1. e4 c5 2. Nf3 e6 3. g3 Nc6 4. Bg2 d5 5. exd5 exd5 6. O-O g6 7. Re1+ Nge7 8. d3 Bg7 9. c3 b6 10. Bg5 O-O
11. Nbd2 Ba6 12. Qc2 Rc8 13. Re2 d4 14. c4 Re8 15. Rae1 Qd7 16. Qa4 Bb7 17. Bxe7 b5 18. cxb5 Nxe7 19. Qxa7 Ra8 20. Qxc5 Rac8
21. Qb4 Nd5 22. Rxe8+ Rxe8 23. Rxe8+ Qxe8 24. Qc5 Bf8 25. Qxd4 Qxb5 26. a4 Qc6 27. Qc4
1-0

[Event "Toerneo de Navidad 2008"]
[Site "SchemingMind.com"]
[Date "2009.01.20"]
[Round "-"]
[White "LittleBigHorse"]
[Black "dtedesco"]
[Result "1-0"]
[WhiteCountry "IRL"]
[BlackCountry "CAN"]
[WhiteElo "1720"]
[WhiteRD "94"]
[BlackElo "1530"]
[BlackRD "66"]
[GameID "188185"]

1. c4 c5 2. Nf3 g6 3. g3 Bg7 4. Bg2 Nc6 5. Nc3 Nf6 6. O-O e6 7. d4 cxd4 8. Nxd4 Nxd4 9. Qxd4 O-O= 10. Bg5 Re8
11. Nb5 e5 12. Qd2 e4 13. Nd6 Re6 14. Rad1 Qf8 15. Nb5 Qc5 16. b3 d5 17. cxd5 Re5 18. Bxf6 Bxf6 19. d6 Qxb5 20. d7 Bxd7
21. Qxd7 Qxd7 22. Rxd7 b5 23. Rc1 a6 24. Rcc7 Rae8 25. Rxf7 R8e7= 26. Rfxe7 Bxe7 27. Ra7 a5 28. Rxa5 Bf6 29. b4 Bd8 30. Ra8 Re8
31. Rb8 Kf7 32. Rxb5 Kf6 33. h4 e3 34. Bf3 Re6 35. a4
1-0

[Event "Toerneo de Navidad 2008"]
[Site "SchemingMind.com"]
[Date "2009.01.19"]
[Round "-"]
[White "maaac"]
[Black "dtedesco"]
[Result "1-0"]
[WhiteCountry "AUS"]
[BlackCountry "CAN"]
[WhiteElo "1923"]
[WhiteRD "76"]
[BlackElo "1539"]
[BlackRD "59"]
[GameID "188186"]

1. d4 Nf6 2. c4 c5 3. Nf3 g6 4. Nc3 Bg7 5. e4 d6 6. Be2 e5 7. dxe5 dxe5 8. Qxd8+ Kxd8 9. Nxe5 Ke7 10. Bg5 Re8
11. Nd5+ Kf8 12. Bxf6 Bxf6 13. Nxf6 Rxe5 14. f4 Re6 15. Nxh7+ Kg7 16. Ng5 Re7 17. e5 Nc6 18. Kf2 Bf5 19. Bf3 Rd8 20. Rad1 a6
21. Bxc6 Rxd1= 22. Rxd1 bxc6 23. Rd6 Bd7 24. Kf3 a5 25. Ne4 f6 26. exf6+ Kf7 27. fxe7 Kxe7 28. Rxg6
1-0

[Event "Toerneo de Navidad 2008"]
[Site "SchemingMind.com"]
[Date "2009.01.19"]
[Round "-"]
[White "fouche"]
[Black "dtedesco"]
[Result "0-1"]
[WhiteCountry "COL"]
[BlackCountry "CAN"]
[WhiteElo "1622"]
[WhiteRD "64"]
[BlackElo "1530"]
[BlackRD "66"]
[GameID "188187"]

1. c4 g6 2. Nc3 Bg7 3. d4 Nf6 4. e4 d6 5. Be3 O-O 6. Bd3 c6 7. Nf3 a5 8. O-O b6 9. Re1 Bg4 10. h3 Bxf3
11. Qxf3 b5 12. Rac1 b4 13. Na4 Nbd7 14. Qd1 Qc7 15. Qd2 e5 16. d5 c5 17. f4 Ra6 18. fxe5 Nxe5 19. Rf1 Rb8 20. b3 Re8
21. Be2 h5 22. Bh6 Nxe4 23. Qf4 Bxh6 24. Qxh6 Ng3 25. Rf2 Ng4 26. Bxg4 hxg4 27. hxg4 Ne2+ 28. Rxe2 Rxe2 29. Rf1 Rxa2 30. Rf3 Qe7
31. Kh2 Qe5+ 32. Kh3 Ra7 33. Nb6 Qe2 34. Rg3 Re7 35. Qf4 Qe1 36. Kh4 Qh1+ 37. Rh3 Qxg2 38. Nc8 Re4 39. Qg3 f5 40. Qxg2 Rxg2
41. Kg5 Kg7
0-1